| 000 | 02030nam a2200493Ii 4500 | ||
|---|---|---|---|
| 001 | DIGUCOCOL0044 | ||
| 003 | NyNyDIG | ||
| 008 | 230622s2022 ck a ob 000 0 spa d | ||
| 006 | m o d | ||
| 007 | cr ||||||||||| | ||
| 035 | _a(OCoLC)1370946744 | ||
| 040 |
_aDGITA _beng _erda _epn _cDGITA |
||
| 020 |
_a9789587603804 _qpdf |
||
| 020 |
_a9789587603811 _qePub |
||
| 020 |
_z9789587603798 _qimpreso |
||
| 041 | 0 |
_aspa _bspa _beng |
|
| 043 | _acl----- | ||
| 050 | 1 | 4 | _aHC125 ebook |
| 245 | 0 | 0 |
_aIntegración latinoamericana en tiempos de incertidumbre / _cClaudia Patricia Sacristán-Rodríguez, Flavia Loss de Araujo, (editoras). |
| 264 | 1 |
_aBogotá : _bEdiciones Universidad Cooperativa de Colombia, _c[2022] |
|
| 300 |
_a1 online resource : _billustrations. |
||
| 336 |
_atext _btxt _2rdacontent |
||
| 337 |
_acomputer _bc _2rdamedia |
||
| 338 |
_aonline resource _bcr _2rdacarrier |
||
| 347 |
_atext file _2rdaft |
||
| 347 | _bPDF | ||
| 490 | 1 |
_aColección Gridale ; _vtomo 12 |
|
| 504 | _aIncludes bibliographical references. | ||
| 546 | _aText in Spanish with abstract in Spanish and English. | ||
| 588 | 0 | _aOnline resource; title from PDF title page (Digitalia, viewed June 20, 2023) | |
| 650 | 0 |
_aCOVID-19 (Disease) _zLatin America. |
|
| 650 | 0 |
_aEconomics _xSociological aspects. |
|
| 650 | 0 |
_aLatin American federation _y21st century. |
|
| 650 | 0 |
_aRegionalism _zLatin America _y21st century. |
|
| 700 | 1 |
_aSacristán Rodríguez, Claudia, _eeditor. |
|
| 700 | 1 |
_aLoss de Araujo, Flavia, _eeditor. |
|
| 776 | 0 | 8 |
_iPrint version: _tIntegración latinoamericana en tiempos de incertidumbre. _dBogotá : Ediciones Universidad Cooperativa de Colombia, [2022] _z9789587603798 |
| 791 | 2 |
_aDigitalia (Firm), _edistributor. |
|
| 793 | 0 |
_gDigitalia eBook Collection: _aEdiciones Universidad Cooperativa de Colombia |
|
| 830 | 0 |
_aColección Gridale ; _vt. 12. |
|
| 856 | 4 | 0 |
_3Digitalia Hispánica _uhttps://www.digitaliapublishing.com/a/127102/ |
| 910 | _aPremium collection: 2023 | ||
| 942 | _cRAA | ||
| 999 |
_c278361 _d278361 |
||